El perfil del maestro del siglo XXI
שמור ב:
| מחבר ראשי: | |
|---|---|
| פורמט: | ספר |
| שפה: | ספרדית |
| יצא לאור: |
Ciudad de México
Unesco
1999
|
| סדרה: | Serie Educación para la Vida, 4
|
| נושאים: | |
| תגים: |
הוספת תג
אין תגיות, היה/י הראשונ/ה לתייג את הרשומה!
|
MARC
| LEADER | 00000nam a2200000 a 4500 | ||
|---|---|---|---|
| 001 | UCP6153 | ||
| 003 | CL-VaPUC | ||
| 008 | 991015e19990000MX |||||||||||||||||spa|d | ||
| 082 | 0 | 4 | |a 370.71 |b ORN |2 21 |
| 100 | |a Ornelas, Carlos |e autor |9 435038 | ||
| 245 | 1 | 3 | |a El perfil del maestro del siglo XXI |
| 300 | |a 39 p | ||
| 942 | |c BK | ||
| 945 | |d 19991015 00:00:00 |a rbrito | ||
| 260 | |a Ciudad de México |b Unesco |c 1999 | ||
| 650 | 0 | |a Formación profesional de profesores |9 307493 | |
| 650 | 0 | |a Sociología de la educación |9 260380 | |
| 583 | |a last modification |c 19991015 00:00:00 |k Rodrigo Vera | ||
| 490 | 0 | |a Serie Educación para la Vida, 4 | |
| 999 | |c 283768 |d 283766 | ||
| 952 | |0 0 |1 0 |4 0 |6 370_710000000000000_ORN_1999 |7 0 |8 P |9 327212 |a BIBEDU |b BIBEDU |c BIBEDU_PB |d 2019-11-20 |i 3570142 |o 370.71 ORN 1999 |p 3570142 |r 2024-01-25 |w 2019-11-20 |y BK |k EDU | ||